<?xml version="1.0" encoding="UTF-8"?>
<collection xmlns="http://www.loc.gov/MARC21/slim">
 <record>
  <leader>00391pamaa2200145   4500</leader>
  <controlfield tag="001">0000029269</controlfield>
  <controlfield tag="005">20060624090000.0</controlfield>
  <datafield tag="020" ind1="0" ind2="0">
   <subfield code="a">9284211832 </subfield>
  </datafield>
  <datafield tag="082" ind1=" " ind2=" ">
   <subfield code="a">332.3 DEL</subfield>
  </datafield>
  <datafield tag="090" ind1="0" ind2="0">
   <subfield code="a">HG3746 </subfield>
   <subfield code="b">DEL 1995</subfield>
  </datafield>
  <datafield tag="100" ind1="1" ind2="0">
   <subfield code="a">DEL BUSTO </subfield>
  </datafield>
  <datafield tag="245" ind1="0" ind2="1">
   <subfield code="a">Case studies on documentary credits under UCP 500  </subfield>
   <subfield code="c">Charles del Busto.</subfield>
  </datafield>
  <datafield tag="260" ind1="0" ind2="0">
   <subfield code="a">Paris: </subfield>
   <subfield code="b">ICC Pub., </subfield>
   <subfield code="c">1995.</subfield>
  </datafield>
  <datafield tag="300" ind1=" " ind2=" ">
   <subfield code="a">164p.; </subfield>
   <subfield code="c">28cm.</subfield>
  </datafield>
  <datafield tag="650" ind1="0" ind2="0">
   <subfield code="a">Documentary credit </subfield>
  </datafield>
 </record>
</collection>
